| 000 | 00762nam a22002177a 4500 | ||
|---|---|---|---|
| 999 |
_c3206 _d3206 |
||
| 003 | AR-CdUCM | ||
| 008 | 190306b ||||| |||| 00| 0 spa d | ||
| 020 | _a84-278-0920-4 | ||
| 040 |
_aMUNICIPALIDAD PROVINCIAL DEL CUSCO _cBIBLIOTECA MUNICIPAL DEL CUSCO |
||
| 082 |
_a858.8 / _bSA18C1 |
||
| 100 |
_aSalgari, Emilio _9800 |
||
| 245 | _aLa carabela española / | ||
| 260 |
_aBarcelona : _bNauta, _c1984. |
||
| 300 |
_a185 páginas ; _c18 cm. |
||
| 440 |
_n10 _910754 |
||
| 505 | _aContenido: El odio del corsario negro -- El asalto a Maracaibo -- A la caza del gobernador de Maracaibo -- En la selva virgen -- El tremedal -- El ataque del jaguar ... | ||
| 650 |
_aNovelas italianas _99329 |
||
| 650 |
_aSiglo XIX _9971 |
||
| 942 |
_2ddc _cLIBROS |
||
| 945 | _aafb | ||